TEX : the program
Αποθηκεύτηκε σε:
| Κύριος συγγραφέας: | |
|---|---|
| Άλλοι συγγραφείς: | |
| Μορφή: | Βιβλίο |
| Γλώσσα: | English |
| Δημοσίευση: |
Reading Mass. :
Addison-Wesley,
c1986
|
| Σειρά: | Computers & typesetting ;
; B |
| Θέματα: | |
| Ετικέτες: |
Προσθήκη ετικέτας
Δεν υπάρχουν, Καταχωρήστε ετικέτα πρώτοι!
|
MARC
| LEADER | 00000nam a2200000 i 4500 | ||
|---|---|---|---|
| 001 | 1/71452 | ||
| 008 | 990303s1986 eng d | ||
| 020 | |a 0-201-13437-3 | ||
| 035 | |l 10048327 | ||
| 040 | |a GR-MY-UA |b gre |e aacr | ||
| 041 | 0 | |a eng | |
| 082 | 0 | |a 686.22544536 | |
| 100 | 1 | |a Knuth, Donald Ervin |d 1938- | |
| 245 | 1 | 0 | |a TEX : |b the program / |c Donald E. Knuth ; illustrations by Duane Bibby |
| 260 | |a Reading Mass. : |b Addison-Wesley, |c c1986 | ||
| 300 | |a xvii, 600 p.; |b ill.; |c 25 cm. | ||
| 490 | 1 | |a Computers & typesetting |v ; B | |
| 500 | |a Includes index | ||
| 630 | 0 | 0 | |a TeX (Computer file) |
| 650 | 0 | 0 | |a Computerized typesetting. |
| 650 | 0 | 0 | |a Mathematics printing. |
| 700 | 1 | |a Bibby, Duane. |4 ill | |
| 830 | 0 | |a Computers & typesetting ; |v ; B | |
| 852 | |a INST |b SAMOS |e 19990303 |h 686.22544536 KNU |p 005300013249 |q 005300013249 |t BK |y 0 | ||
| 901 | |a BIBL-1999-1 | ||
| 909 | |a Σ |b 063076 | ||
| 922 | |a 3ΕΛΗ |b 199901 |c ΕΠΕΑΕΚ/ΜΑΘ |d GLORY | ||